|
|
|
|
| LEADER |
00000nam a2200000 a 4500 |
| 001 |
vtls011745251 |
| 003 |
SK-MaSNL |
| 005 |
20260301182913.0 |
| 008 |
200612s18uu xo a 0 an0 slo |
| 015 |
|
|
|a SNBHFA18uu
|
| 035 |
|
|
|a urn:nbn:sk:snk-am3hqzp
|
| 035 |
|
|
|a urn:nbn:sk:snk-am00d65m
|
| 035 |
|
|
|a A47A4C4B-0CCB-4F85-BACE-990813242F91
|
| 035 |
|
|
|a urn:nbn:sk:snk-am00d6bw
|
| 035 |
|
|
|a 6956F7B6-D5D3-41EC-99D7-DCEF263E7634
|
| 040 |
|
|
|a SNKHF
|b slo
|c SNK
|e AACR2
|
| 041 |
0 |
|
|a slo
|
| 044 |
|
|
|a xo
|c SK
|
| 072 |
|
7 |
|a 09
|x Rukopisy, prvotlače, staré tlače. Vzácne a pozoruhodné diela
|2 konspekt
|
| 080 |
|
|
|a 098:398.51
|2 1981
|
| 130 |
0 |
|
|a Píseň
|9 353510
|
| 245 |
1 |
0 |
|a Píseň kratochwílná Mládencům i Panám k obweselení wydaná
|
| 260 |
|
|
|a W Skalici
|b Tiskem dědičů J. Škarnicla
|c [1880-1898]
|
| 300 |
|
|
|a [7] s.
|c 10 cm
|
| 500 |
|
|
|a Titulná strana s drevorezom
|
| 501 |
|
|
|a Prív. 3. k: Kratochwílná Píseň. W Skalici : u dĕdičů J. Škarnicla, 1888.
|5 SNK SE 120/8-14/prív.3
|
| 501 |
|
|
|a Prív. 11. k: Kratochwílná píseň Mládencům a Pannám pro obweseleni wydaná. W Skalici : u dĕdičů J. Škarnicla, [1880-1898].
|5 SNK SE 156/1-17/prív.11
|
| 546 |
|
|
|a Slovenčina
|b Fraktúra
|
| 650 |
0 |
7 |
|a jarmočné tlače
|2 SNKPH
|9 256383
|
| 710 |
2 |
|
|a Škarnicel, Jozef - dedičia (Skalica, Slovensko)
|4 prt
|9 189503
|
| 752 |
|
|
|a Slovensko
|d Skalica
|
| 852 |
|
|
|a SNK
|p SE 120/8-14/prív.3
|
| 958 |
|
|
|a ONDV
|
| 999 |
|
|
|c 855201
|d 857131
|
| 952 |
|
|
|a SNK
|b SNK
|y PREZ
|7 0
|p 17A1300020
|o snkSE 120/8-14/prív.3
|i snk2621/28
|0 0
|1 0
|4 0
|d 2018-03-08
|f 1
|l 0
|r 2026-02-24 04:54:24
|w 2026-02-24
|
| 952 |
|
|
|a SNK
|b SNK
|y PREZ
|7 0
|p 17A1300932
|o snkSE 156/1-17/prív.11
|i snk4887/28
|0 0
|1 0
|4 0
|d 2018-05-30
|f 1
|l 0
|r 2026-02-24 04:54:24
|w 2026-02-24
|